Statistics for Pre-Columbian Native American populations Map

Click here to take the quiz!

General Stats

  • This quiz has been taken 61 times
  • The average score is 8 of 10

Answers on the Map

Answers color-coded by a green-red scale on the quiz's map according to % correct below.
 

Answer Stats

Answer% Correct
Arctic
95%
California
88%
Northwest Coast
88%
Subarctic
88%
Northeast
86%
Plains
81%
Southeast
81%
Southwest
76%
Plateau
62%
Great Basin
57%

Score Distribution

Percentile by Number Answered

Percent of People with Each Score

Your Score History

You have not taken this quiz